|
|
|
|
| LEADER |
00000nab a2200000 a 4500 |
| 001 |
vtls011114210 |
| 003 |
SK-MaSNL |
| 005 |
20260303143713.0 |
| 008 |
230222|2005 xo |||||||||||||||||slo| |
| 015 |
|
|
|a SNBRB
|
| 035 |
|
|
|a (uuid)4e9f7222-d503-4933-8caa-87eef9fc91bf
|
| 035 |
|
|
|a (urnnbn)urn:nbn:sk:snk:ar-a08idz
|
| 035 |
|
|
|a urn:nbn:sk:snk-ab9kpi
|
| 040 |
|
|
|a SNKBUCL
|b slo
|c SNKBUCL
|e AACR2
|
| 041 |
0 |
|
|a slo
|
| 044 |
|
|
|a xo
|c SK
|
| 100 |
1 |
|
|a Bocko, Peter
|4 aut
|9 1025566
|
| 245 |
1 |
0 |
|a PEVNOSTNÝ VÝPOČET NÁDOB Z POLYPROPYLÉNU
|c Peter Bocko, Jozef Kuľka
|
| 700 |
1 |
|
|a Kuľka, Jozef,
|d 1967-
|4 aut
|9 210847
|
| 773 |
0 |
|
|t Acta Mechanica Slovaca
|g Roč. 9, č. 4 (2005), s. 113-122
|
| 954 |
|
|
|a odborná, vedecká literatúra pôvodná (slovenská)
|2 lita
|
| 958 |
|
|
|a OND
|
| 958 |
|
|
|a EUIPO
|
| 958 |
|
|
|a article13
|
| 999 |
|
|
|c 1991850
|d 1993780
|